000 00374pam a2200145 a 4500
020 _a9780750692656
_c
041 _aeng
082 _a576
_bELL
100 _aEllis, R W.
245 _aVaccines : New Approaches to Immunological Problems
_hTextual Documents
260 _aOxford
_bButterworth Heinemann td.
_c1992
300 _a478.
653 _aMicrobiology
930 _a2168
999 _c75453
_d75453